000 00278nam a2200109Ia 4500
008 200302s9999 xx 000 0 und d
100 _aHenry Plummer
245 _aNordic Light Modern Scandinavian Architecture
260 _bThames and Hudson Ltd.
260 _c2014
300 _a256
999 _c3712
_d3712